| 000 | 00632nam a2200229 a 4500 | ||
|---|---|---|---|
| 001 | BRCA_6231 | ||
| 005 | 20190320205359.0 | ||
| 008 | 190711c1915----gw-#######---#000-0#ger-# | ||
| 041 | _ager | ||
| 044 | _agw | ||
| 050 | 4 |
_aD511 _b.R64 1915 |
|
| 100 | 1 |
_aRohrbach, Paul _915652 |
|
| 245 | 1 | 0 |
_aDer Krieg und die deutschen Politik _cPaul Rohrbach. |
| 250 | _a2 | ||
| 260 |
_aWeimar, Alemania _bGroessere _c1915 |
||
| 300 |
_a184 p. _c22 cm. |
||
| 650 | 1 | 4 |
_aGuerra Europea, 1914-1918 _97797 |
| 651 | 4 |
_aAlemania _vRelaciones exteriores _y1871 _915653 |
|
| 651 | 4 |
_aEuropa _xPolĂtica _y1871 _914946 |
|
| 902 | _aGFM | ||
| 942 |
_2lcc _cB |
||
| 999 |
_c5918 _d5918 |
||